000 00628nam a22002057a 4500
003 0
005 20240422091006.0
008 240422b xxu||||| |||| 00| 0 eng d
020 _a9781848864870
050 _aER
_bWhy629 2020
082 _aER
_bWhy629 2020
100 _aDunne, Billy
245 _aWhy?
_cwritten by Billy Dunne ; illustrated by Rhys Jefferys
260 _aWest Sussex
_bMaverick Arts Publishing Ltd.
_cc2020.
300 _aunpaged :
_bcolored illustrations and pictures ;
_c27cm.
650 _aRainbow--Picture Books.
650 _aColors--Picture Book.
650 _aEasy Reading.
942 _2ddc
_cBK
999 _c365950
_d365950